000 00760nam a2200157Ia 4500
005 20240605051459.0
008 240331s9999 xx 000 0 und d
082 _bWHA
_a370
245 0 _aWhat's inside :
_blearning with children in the street
260 _aRedd Barna Sri Lanka
_bColombo
_c1989
300 _a132 p.,
500 _aNone of the small or bigger children the reader shall learn to know in this report call themselves "street children". That is a name western development experts have attributed to them and we do not like to use it ,although for practical purposes, sometimes we do. These Children do not perceive themselves as belonging to a particular category of children.
700 _aFuglesang, A. ed
700 _aChandler,D.
942 _cL
999 _c2947
_d2947